000 00293nam a22001337a 4500
008 170713b xxu||||| |||| 00| 0 eng d
020 _a9780071780544
041 _aeng
080 _a101
100 _a24
101 _aFIL
245 _a500 QUESTIONS PHILOSOPHY
_cNEWMAN, M
942 _2udc
_cBK
999 _c20473
_d20473